| 000 | 00807nam a2200253 a 4500 | ||
|---|---|---|---|
| 001 | BRL_1881 | ||
| 005 | 20190320211420.0 | ||
| 008 | 120815s1957----mx-abo####---#000-0#spa-# | ||
| 041 | _aspa | ||
| 044 | _amx | ||
| 050 | 4 |
_aF1221.M7 _b.M37 1957 |
|
| 100 | 1 |
_aMarroquin, Alejandro _928122 |
|
| 245 | 1 | 0 |
_aLa ciudad mercado _bTlaxiaco _cAlejandro Marroquin. |
| 260 |
_aMéxico _bImprenta Universitaria _c1957 |
||
| 300 |
_a274 p. _bil., mapas _c20 cm. |
||
| 440 | 0 |
_aColección Cultura Mexicana _v19 _928123 |
|
| 500 | _aAu2040 | ||
| 650 | 1 | 4 |
_aMixtecas _xVida social y costumbres _928124 |
| 650 | 1 | 4 |
_aMixtecas _xCondiciones económicas _928125 |
| 651 | 4 |
_aTlaxiaco (México) _xCondiciones económicas _928126 |
|
| 651 | 4 |
_aTlaxiaco (México) _xCondiciones sociales _928127 |
|
| 902 | _aGRL | ||
| 942 |
_2lcc _cB |
||
| 999 |
_c10689 _d10689 |
||